00531nam a22001457a 4500003000400000005001700004008004100021040001400062100002200076245011000098260000900208300003000217500010500247504003300352OSt20171010095514.0120813t xxu||||| |||| 00| 0 eng d aMMSUcULS aMina, Shirley B.  aThe Development of an english language placement test for higher education institutionscShirley B. Mina  c1999 axxii, 222 leaves c28 cm. aThesis (Ed.D.-Educational Management) -- Mariano Marcos State University-Graduate School, Laoag City aBibliography: leaves 157-163